〰️Passe bas, Passe haut ou Passe bande - Statistiques

Statistiques générales
  • Ce quiz a été pris 11 fois
  • Le résultat moyen est 8 sur 16
Statistiques - réponses
Hint Réponse % Correct
Passe Bas
75%
Passe Bas
75%
Passe Bas
63%
Passe Haut
63%
Passe Haut
63%
Passe Bande
50%
Passe Bas
50%
Passe Haut
50%
Passe Bande
38%
Passe Bande
38%
Passe Bande
38%
Passe Bas
38%
Passe Haut
38%
Passe Haut
38%
Passe Bande
25%
Passe Bas
25%
Aucun quiz correspondant
Distribution des résultats
% des personnes avec chaque résultat
Percentile par nombre de réponses
Votre historique - résultats
Vous n’avez pas pris ce quiz